Technika - racionalizácia - kvalifikácia

Salvato in:
Dettagli Bibliografici
Autore principale: Říha, Ladislav
Natura: Libro
Lingua:slovacco
Pubblicazione: Bratislava Práca 1983
Tags: Aggiungi Tag
Nessun Tag, puoi essere il primo ad aggiungerne!!

MARC

LEADER 00000nam a2200000 4500
001 c115686
005 20050301104038.7
041 0 |a slo 
044 |a SK 
245 1 0 |a Technika - racionalizácia - kvalifikácia  |c Ladislav Říha a kol. 
264 1 |a Bratislava  |b Práca  |c 1983 
300 |a 185 s. 
100 1 |a Říha, Ladislav